| 000 | 00781nam a2200241 a 4500 | ||
|---|---|---|---|
| 001 | BRL_1294 | ||
| 005 | 20190320211130.0 | ||
| 008 | 020114t1956----fr-abe####---#000-0#fre-# | ||
| 041 | _afre | ||
| 044 | _afr | ||
| 050 | 4 |
_aDS558.A6 _b.G76 1956 |
|
| 100 | 1 |
_aGroslier, Bernard-Philippe _926410 |
|
| 245 | 1 | 0 |
_aAngkor _bhommes et pierres _cBernard-Philippe Groslier ; Reportage Photographique de Jacques Arthaud. |
| 260 |
_aFrancia _bArthaud _c1956 |
||
| 300 |
_a231 p. _bil. (algunas a color) , mapas, planos, fotografías _c29 cm. |
||
| 440 | 0 |
_aLes imaginaires _926411 |
|
| 500 | _aAu1529 | ||
| 504 | _aBibliografía: p. 216-217 | ||
| 651 | 4 |
_aAngkor (Camboya : Ciudad extinta) _xAntigüedades _926412 |
|
| 700 | 1 |
_aArthaud, Jacques _926413 |
|
| 902 | _aGRL | ||
| 942 |
_2lcc _cB |
||
| 999 |
_c10106 _d10106 |
||